Gaming Quiz

Random Gaming or Letter Quiz

Less Than 5 Letter Pokémon Quiz Stats

 Plays Quiz Updated Jan 30, 2019

Support Sporcle.
Go Orange.
Score 0/13 Timer 02:00
1 Play Today
Type Pokémon % Correct
PsychicMew
78.1%
Ice/PsychicJynx
63.1%
PsychicAbra
62.3%
Rock/GroundOnix
59.5%
PoisonMuk
51.4%
Psychic/FlyingXatu
39.9%
Psychic/FlyingNatu
39.2%
WaterSeel
34.7%
Steel/RockAron
32.1%
Fire/FlyingHo-Oh
29.4%
DragonAxew
24.8%
FightingSawk
23.2%
PsychicUxie
13.3%

From the Vault

Which Happened First? (French Revolution)

by jar514

History 3m
Liberté, égalité, fraternité, Sporcle!
Remove Ads.
Support Sporcle.
Get the best of Sporcle when you Go Orange. This ad-free experience offers more features, more stats, and more fun while also helping to support Sporcle. Thank you for becoming a member.

Show Comments

Extras

Top Quizzes Today


Score Distribution

Your Account Isn't Verified!

In order to create a playlist on Sporcle, you need to verify the email address you used during registration. Go to your Sporcle Settings to finish the process.

Report this User

Report this user for behavior that violates our Community Guidelines.

Details: